000 00269nam a2200097Ia 4500
001 645066
005 20250826153616.0
008 250824s9999 xx 000 0 und d
245 0 _aKODİN ANTİK OKUL KLASİKLERİ
_cPANAIT ISTRATI
260 _bANTİK DÜNYA KLASİKLERİ
999 _c645066
_d645066